<?xml version="1.0" encoding="UTF-8"?>
<collection xmlns:xsi="http://www.w3.org/2001/XMLSchema-instance" xsi:schemaLocation="http://www.loc.gov/MARC21/slim http://www.loc.gov/standards/marcxml/schema/MARC21slim.xsd" xmlns="http://www.loc.gov/MARC21/slim">
 <record>
  <leader>00000ctm a22000003a 4500</leader>
  <controlfield tag="001">UP-8027390931313762316</controlfield>
  <controlfield tag="003">Buklod</controlfield>
  <controlfield tag="005">20260305094538.0</controlfield>
  <controlfield tag="006">m    |o  d |      </controlfield>
  <controlfield tag="007">ta</controlfield>
  <controlfield tag="008">260305s2006    xx     d     |||| ||    |</controlfield>
  <datafield tag="035" ind1=" " ind2=" ">
   <subfield code="a">(iLib)UPVIS-00001056160</subfield>
  </datafield>
  <datafield tag="037" ind1=" " ind2=" ">
   <subfield code="a">gift</subfield>
  </datafield>
  <datafield tag="040" ind1="0" ind2=" ">
   <subfield code="a">vml/ess</subfield>
   <subfield code="e">rda</subfield>
  </datafield>
  <datafield tag="041" ind1="0" ind2=" ">
   <subfield code="a">eng</subfield>
  </datafield>
  <datafield tag="090" ind1=" " ind2="0">
   <subfield code="a">LG 993.5 2006 F5 M66</subfield>
  </datafield>
  <datafield tag="100" ind1="1" ind2=" ">
   <subfield code="a">Molo, Lito Monserate</subfield>
  </datafield>
  <datafield tag="245" ind1="0" ind2="0">
   <subfield code="a">Standardization of bottled tilapia (Oreochromis niloticus) in coconut sauce</subfield>
   <subfield code="c">by Lito Monserate Molo.</subfield>
  </datafield>
  <datafield tag="264" ind1=" " ind2="1">
   <subfield code="a">Iloilo</subfield>
   <subfield code="b">College of Fisheries and Ocean Sciences, U.P. Visayas</subfield>
   <subfield code="c">2006.</subfield>
  </datafield>
  <datafield tag="300" ind1=" " ind2=" ">
   <subfield code="a">59 leaves</subfield>
  </datafield>
  <datafield tag="336" ind1=" " ind2=" ">
   <subfield code="a">text</subfield>
   <subfield code="2">rdacontent</subfield>
  </datafield>
  <datafield tag="337" ind1=" " ind2=" ">
   <subfield code="a">unmediated</subfield>
   <subfield code="2">rdamedia</subfield>
  </datafield>
  <datafield tag="338" ind1=" " ind2=" ">
   <subfield code="a">volume</subfield>
   <subfield code="2">rdacarrier</subfield>
  </datafield>
  <datafield tag="502" ind1=" " ind2=" ">
   <subfield code="a">Thesis </subfield>
   <subfield code="b">Bachelor of Science in Fisheries</subfield>
   <subfield code="c">University pf the Philippines Visayas</subfield>
   <subfield code="d">Arpril 2006</subfield>
  </datafield>
  <datafield tag="520" ind1=" " ind2=" ">
   <subfield code="a">A study on standardization of the formulation, pre-processing treatment and processing schedule of bottled tilapia (oreochromis niloticus) in coconut sauce ws conducted. In the determination of standardized formulation of the product, different levels of carrageenan (0.1%, 0.2! and 0.3%) were added to the coconut sauce in an attempt to answer the problem associated with the coagulation of the sauce during the thernmal process. Different combinations of drying time and frying (1 hr drying, without frying; 2 hr drying without frying;1 hr drying with frying; 2 hr drying with frying) were tested in order to determine the appropriate combination that can result to more acceptable  product. In the standardization of the process schedule for bottled tilapia in coconut sauce, samples were subjected at a heat penetration study using different time temperature combinations, namely, 30 min at 15 psi, 45 psi, and 90 min at 10 psi. bottled samples were analysed via sensory evaluation of 6 semi-trained panellists, cut out tests and microbial tests.  Resultsshowed that the bottled tilapia samples, with or without carrageenan added, in the coconut sauce were not significantly different (~a=0.05) however, based on the appearance of the sample in the bottle, the oil was completely emulsified in samples treated with 0.1% and 0.1% carrageenan. Hence, sample added with 0.1% carrageenan was employed in the succeeding tests. It was also noted that frying significantly affects the organoleptic characteristics of the product, extending the drying time could increase the over-all acceptability scores of the product but it does not produce any significant difference to merit a recommendation that drying time should be increased from 1 to 2 hr. Heat penetration study revealed that the  SHP of the product is at the point midway between ¾ inch from the bottom and geometric center of the bottle and that the bottled tilapia in coconut sauce exhibits broken heating curve. In terms of sensory scores, although no significant difference was noted in sampkles processed using different time temperature combinations, it appears that processing tilapia in coconut sauce should follow a processing schedule of 45 min at 15 PSI. this is due to the relatively higher (but nor necessarily statisticallu significant) mean acceptability scores of the sample processed using this schedule, as compared to the other combinations tested (i..e 30 min at 15 psi and 90 min at psi0. The processing schedule of 45 min at 15 psi has an Fo value of more than the required minimum Fo value clostridium botulinum. This implies that the processing schedule obtained in this study is enough to render the product commercially sterile. This findings was supported by the negative growth of gas producing and acid microoganisms in the samples, as evidenced in the microbial tests conducted.</subfield>
  </datafield>
  <datafield tag="650" ind1="1" ind2="0">
   <subfield code="a">Tilapia</subfield>
   <subfield code="x">Preservation.</subfield>
  </datafield>
  <datafield tag="650" ind1="1" ind2="0">
   <subfield code="a">Bottled Tilapia.</subfield>
  </datafield>
  <datafield tag="650" ind1="1" ind2="0">
   <subfield code="a">Oreochromis niloticus.</subfield>
  </datafield>
  <datafield tag="720" ind1=" " ind2=" ">
   <subfield code="a">Yap, Encarnacion Emelia S.</subfield>
  </datafield>
  <datafield tag="905" ind1=" " ind2=" ">
   <subfield code="a">FI</subfield>
  </datafield>
  <datafield tag="905" ind1=" " ind2=" ">
   <subfield code="a">UP</subfield>
  </datafield>
  <datafield tag="852" ind1="0" ind2=" ">
   <subfield code="a">UPVIS</subfield>
   <subfield code="b">UPV-CFOS</subfield>
   <subfield code="h">LG 993.5 2006 F5 M66</subfield>
  </datafield>
  <datafield tag="942" ind1=" " ind2=" ">
   <subfield code="a">Thesis</subfield>
  </datafield>
 </record>
</collection>
